000 00993nam1a22002291i 4500
001 rc\3406087
005 20240726005438.0
035 _a(NLR Aleph) 007549275
090 _a5183384
_c5183384
100 _a20130115d1970 |||y0rusy50 ca
101 0 _arus
102 _aRU
105 _a j |||||
200 1 _aОсновы проектирования и расчета узлов и деталей боевых машин
_eПроект учебника
_eВып. 2
_fВоен. ордена Ленина Краснознам. акад. бронетанковых войск им. Маршала Сов. Союза Малиновского Р.Я.
210 _aМосква
_cБ. и.
_d1970
215 _d22
300 _aПеред загл. авт.: д-р техн. наук, проф. Р.В. Ротенберг
700 1 _aРотенберг
_bР.В.
_gРоберт Владимирович
801 0 _aRU
_bNLR
_gpsbo
801 1 _aRU
_bELAR
_2rusmarc
852 _aNLR
_j70-6/8878
942 _cBOOK